Jak pracovat? : přednášky z roku 1898 / T. G. Masaryk
Record details
- Physical Description: 77 s. ; 20 cm
- Edition: 2. vyd.
- Publisher: Praha : Čin, [1928]
Search for related items by series
Available copies
- 1 of 1 copy available at Common Catalog SPOK.
Holds
- 0 current holds with 1 total copy.
Other Formats and Editions
Show Only Available Copies
| Location | Call Number / Copy Notes | Barcode | Shelving Location | Status | Due Date |
|---|---|---|---|---|---|
| Hospic Dobrého Pastýře | HI
Tematická katagorie: Historie (HI) |
2045957006703 | Knihovna | Available | - |
Electronic resources
Version of Resource: Digitalizovaný dokument
| LDR | 00847nam a2200277 a 4500 | ||
|---|---|---|---|
| 001 | 28370 | ||
| 003 | CZ-PrJAB | ||
| 005 | 20170821134817.0 | ||
| 007 | tu | ||
| 008 | 950901s1928 xr u0|0 cze | ||
| 015 | . | ‡acnb000110403 | |
| 020 | . | ‡q(Brož.) | |
| 035 | . | ‡a(CZ PrNK)np9545625 | |
| 035 | . | ‡a(OCoLC)4712598 | |
| 040 | . | ‡aABA001 ‡bcze | |
| 080 | . | ‡a331 ‡2undef | |
| 100 | 1 | . | ‡aMasaryk, Tomáš Garrigue, ‡d1850-1937 ‡7jk01080472 ‡4aut |
| 245 | 1 | 0. | ‡aJak pracovat? : ‡bpřednášky z roku 1898 / ‡cT. G. Masaryk |
| 250 | . | ‡a2. vyd. | |
| 260 | . | ‡aPraha : ‡bČin, ‡c[1928] ‡e(Praha : ‡fOrbis) | |
| 300 | . | ‡a77 s. ; ‡c20 cm | |
| 490 | 1 | . | ‡aProgram ; ‡vsv. 2 |
| 830 | 0. | ‡aProgram (Čin) | |
| 856 | 4 | 1. | ‡uhttp://kramerius4.nkp.cz/search/handle/uuid:46891e90-0c17-11e4-8f64-005056827e52 ‡yDigitalizovaný dokument |
| 910 | . | ‡aBNE702 | |
| 964 | . | ‡apráce duševní - přednášky | |
| 998 | . | ‡a000110403 | |
| 901 | . | ‡a28370 ‡b ‡c28370 ‡tbiblio | |